[Event "Tradewise Gibraltar Masters 16th"]
[Site "Gibraltar"]
[Date "2018.01.24"]
[Round "2.66"]
[White "Bindrich, Falko"]
[Black "Mohota, Nisha"]
[Result "1-0"]
[WhiteElo "2605"]
[BlackElo "2269"]
[PlyCount "67"]
[EventDate "2018.01.23"]
[EventType "swiss"]
[EventRounds "10"]
[EventCountry "GGB"]
[SourceTitle "BritBase"]
[Source "www.saund.co.uk"]
[SourceDate "2018.02.10"]
[SourceVersion "1"]
[SourceVersionDate "2018.02.10"]
[SourceQuality "1"]

1. Nf3 d5 2. d4 Nf6 3. c4 e6 4. Nc3 Be7 5. Bf4 O-O 6. e3 b6 7. Qc2 Bb7 8. Rd1
a6 9. cxd5 exd5 10. Be2 Nbd7 11. Ne5 Bd6 12. Qf5 g6 13. Qg5 Ne4 14. Nxe4 dxe4
15. Qg3 Qe7 16. O-O Bd5 17. Bg4 f5 18. Be2 Bxe5 19. dxe5 c6 20. f3 Rfe8 21.
fxe4 fxe4 22. h4 Nxe5 23. Bg5 Qc5 24. h5 Re6 25. hxg6 Nxg6 26. Bg4 Ree8 27. Rf5
Rf8 28. Bf6 Qc2 29. Rdf1 Bc4 30. R1f2 Qb1+ 31. Kh2 Be6 32. Rg5 Bf7 33. Be6 Ra7
34. Rxg6+ 1-0

[Event "Tradewise Gibraltar Masters 16th"]
[Site "Gibraltar"]
[Date "2018.01.24"]
[Round "2.67"]
[White "Gopal, Geetha Narayanan"]
[Black "Bliumberg, Vladislav"]
[Result "1-0"]
[WhiteElo "2593"]
[BlackElo "2276"]
[PlyCount "125"]
[EventDate "2018.01.23"]
[EventType "swiss"]
[EventRounds "10"]
[EventCountry "GGB"]
[SourceTitle "BritBase"]
[Source "www.saund.co.uk"]
[SourceDate "2018.02.10"]
[SourceVersion "1"]
[SourceVersionDate "2018.02.10"]
[SourceQuality "1"]

1. e4 g6 2. d4 Bg7 3. Nc3 d5 4. exd5 Nf6 5. Bc4 Nbd7 6. Nf3 Nb6 7. Bb3 a5 8. a4
Nbxd5 9. Nxd5 Nxd5 10. h3 O-O 11. O-O b6 12. Re1 Bb7 13. Bg5 h6 14. Bh4 Bf6 15.
Bg3 e6 16. c3 Bg7 17. Qe2 Kh7 18. Rad1 Qd7 19. Ne5 Bxe5 20. Bxe5 f6 21. Bg3
Rfe8 22. f3 Qf7 23. Bc2 Re7 24. Qf2 Rg8 25. Rd2 Rg7 26. Bb1 Qg8 27. c4 Nb4 28.
b3 Nc6 29. Bf4 Rgf7 30. Red1 e5 31. dxe5 fxe5 32. Be3 Nd4 33. Qh4 Qf8 34. Bxd4
exd4 35. Rxd4 Re5 36. Be4 Bxe4 37. Rxe4 Rxe4 38. Qxe4 Qe7 39. Qxe7 Rxe7 40. Kf2
Kg7 41. h4 h5 42. Rd5 Kf6 43. c5 Re6 44. cxb6 cxb6 45. Kg3 Rc6 46. Kf4 Re6 47.
g3 Kf7 48. Rd7+ Kf6 49. g4 Rc6 50. gxh5 gxh5 51. Rd5 Kg6 52. Rg5+ Kh6 53. Rb5
Kg6 54. Ke5 Rf6 55. f4 Rf5+ 56. Ke4 Rf6 57. Rg5+ Kh6 58. f5 Rc6 59. Rg6+ Rxg6
60. fxg6 Kxg6 61. Ke5 Kf7 62. Kf5 Ke7 63. Kg5 1-0

[Event "Tradewise Gibraltar Masters 16th"]
[Site "Gibraltar"]
[Date "2018.01.24"]
[Round "2.68"]
[White "Mannion, Stephen R"]
[Black "Sandipan, Chanda"]
[Result "1/2-1/2"]
[WhiteElo "2285"]
[BlackElo "2579"]
[PlyCount "100"]
[EventDate "2018.01.23"]
[EventType "swiss"]
[EventRounds "10"]
[EventCountry "GGB"]
[SourceTitle "BritBase"]
[Source "www.saund.co.uk"]
[SourceDate "2018.02.10"]
[SourceVersion "1"]
[SourceVersionDate "2018.02.10"]
[SourceQuality "1"]

1. e4 g6 2. d4 Bg7 3. Nc3 c6 4. Be3 d5 5. Qd2 dxe4 6. Nxe4 Nd7 7. Nf3 Ngf6 8.
Nxf6+ Nxf6 9. Bd3 O-O 10. O-O Ng4 11. c3 Nxe3 12. Qxe3 b6 13. Rfe1 e6 14. Rad1
Bb7 15. Qf4 Rc8 16. h4 Qe7 17. Be4 Rfd8 18. h5 c5 19. hxg6 hxg6 20. Bxb7 Qxb7
21. dxc5 bxc5 22. Rxd8+ Rxd8 23. Qh4 Rd3 24. Qe4 Qxe4 25. Rxe4 Rd1+ 26. Re1 Rd7
27. Kf1 Kf8 28. Ne5 Rd5 29. Nc4 Ke7 30. Ke2 f5 31. Rd1 Rxd1 32. Kxd1 e5 33. f3
Ke6 34. Ke2 Bh6 35. Kd3 Kd5 36. b3 Bf4 37. a4 Bg5 38. Na5 Bf4 39. Nc4 e4+ 40.
fxe4+ fxe4+ 41. Ke2 Ke6 42. Na5 Bc7 43. Nc4 Kf5 44. Ne3+ Ke5 45. Nc4+ Kf4 46.
b4 cxb4 47. cxb4 g5 48. b5 Kg3 49. Kf1 Bf4 50. a5 e3 1/2-1/2

[Event "Tradewise Gibraltar Masters 16th"]
[Site "Gibraltar"]
[Date "2018.01.24"]
[Round "2.69"]
[White "Ibarra Jerez, Jose Carlos"]
[Black "Semprun Martinez, Fernando"]
[Result "1-0"]
[WhiteElo "2577"]
[BlackElo "2209"]
[PlyCount "119"]
[EventDate "2018.01.23"]
[EventType "swiss"]
[EventRounds "10"]
[EventCountry "GGB"]
[SourceTitle "BritBase"]
[Source "www.saund.co.uk"]
[SourceDate "2018.02.10"]
[SourceVersion "1"]
[SourceVersionDate "2018.02.10"]
[SourceQuality "1"]

1. Nf3 d5 2. g3 g6 3. Bg2 Bg7 4. O-O Nf6 5. d3 O-O 6. Nbd2 Nc6 7. e4 e5 8. c3
h6 9. Re1 Be6 10. b4 dxe4 11. dxe4 Qd3 12. Bb2 Rad8 13. Bf1 Qd6 14. Qc1 Nd7 15.
Ba3 Ncb8 16. Nc4 Bxc4 17. Bxc4 Qf6 18. Qe3 a6 19. Bf1 Rfe8 20. Bb2 Nc6 21. h4
Nf8 22. a4 a5 23. b5 Nb8 24. Bc4 Nbd7 25. Kg2 Nb6 26. Bb3 Nfd7 27. Ba3 c5 28.
Nd2 Bf8 29. c4 Qd6 30. Bb2 Na8 31. Bc3 b6 32. Rad1 Nc7 33. Nf3 Qe7 34. h5 g5
35. Rxd7 Rxd7 36. Nxe5 Rd6 37. Ng4 Bg7 38. e5 Qd7 39. Qc1 Rd3 40. f3 Ne6 41.
Qc2 Rd8 42. Nf2 Rxc3 43. Qxc3 Qd2 44. Qe3 Qxe3 45. Rxe3 Nd4 46. Bd1 Nf5 47. Re2
Rd4 48. Bc2 Ne7 49. Bd3 Kf8 50. g4 Nc8 51. Re3 Ke7 52. Kf1 Na7 53. Nd1 Ke6 54.
Bf5+ Ke7 55. Nc3 Rxc4 56. Nd5+ Kd8 57. e6 fxe6 58. Rxe6 Rxa4 59. Rd6+ Ke8 60.
Bg6+ 1-0

[Event "Tradewise Gibraltar Masters 16th"]
[Site "Gibraltar"]
[Date "2018.01.24"]
[Round "2.70"]
[White "Longa Yauca, Javier"]
[Black "Ju, Wenjun"]
[Result "0-1"]
[WhiteElo "2198"]
[BlackElo "2572"]
[PlyCount "96"]
[EventDate "2018.01.23"]
[EventType "swiss"]
[EventRounds "10"]
[EventCountry "GGB"]
[SourceTitle "BritBase"]
[Source "www.saund.co.uk"]
[SourceDate "2018.02.10"]
[SourceVersion "1"]
[SourceVersionDate "2018.02.10"]
[SourceQuality "1"]

1. c4 Nf6 2. Nc3 e6 3. d4 Bb4 4. e3 O-O 5. Bd3 c5 6. Nge2 cxd4 7. exd4 d5 8.
O-O dxc4 9. Bxc4 Nbd7 10. Qb3 Be7 11. Bf4 Nb6 12. Bd3 Bd7 13. Rad1 Bc6 14. Bb5
Bxb5 15. Nxb5 Nfd5 16. Be5 Qd7 17. Rc1 a6 18. Nbc3 Rfc8 19. Ne4 Qb5 20. N2c3
Qxb3 21. axb3 Nb4 22. Rfd1 Rc6 23. Nc5 f6 24. Bg3 Bxc5 25. dxc5 N6d5 26. Na4
Rac8 27. Rc4 a5 28. Kf1 Kf7 29. Ke2 e5 30. f3 Ke6 31. Rd2 g5 32. Bf2 f5 33. g3
h5 34. h3 f4 35. g4 hxg4 36. hxg4 Rh8 37. Nc3 Nxc3+ 38. bxc3 Nd5 39. Rc2 Rh2
40. Kd3 Nf6 41. Ra4 e4+ 42. fxe4 Nxg4 43. Bd4 Rh3+ 44. Kd2 Nf6 45. Kc1 Nxe4 46.
Rxa5 f3 47. b4 g4 48. Ra8 g3 0-1

[Event "Tradewise Gibraltar Masters 16th"]
[Site "Gibraltar"]
[Date "2018.01.24"]
[Round "2.71"]
[White "Vasquez Schroeder, Rodrigo"]
[Black "Gavilan Diaz, Mario"]
[Result "1-0"]
[WhiteElo "2554"]
[BlackElo "2251"]
[PlyCount "45"]
[EventDate "2018.01.23"]
[EventType "swiss"]
[EventRounds "10"]
[EventCountry "GGB"]
[SourceTitle "BritBase"]
[Source "www.saund.co.uk"]
[SourceDate "2018.02.10"]
[SourceVersion "1"]
[SourceVersionDate "2018.02.10"]
[SourceQuality "1"]

1. e4 c5 2. Nf3 d6 3. d4 cxd4 4. Nxd4 Nf6 5. Nc3 a6 6. Bg5 e6 7. f4 b5 8. e5
dxe5 9. fxe5 Qc7 10. exf6 Qe5+ 11. Be2 Qxg5 12. O-O Ra7 13. Qd3 Rd7 14. Ne4 Qe5
15. Nf3 Qxb2 16. Qe3 Bb7 17. Rab1 Qxa2 18. Ne5 Rc7 19. fxg7 Bxg7 20. Nd6+ Kf8
21. Nxb7 Qd5 22. Rbd1 Qxe5 23. Qa3+ 1-0

[Event "Tradewise Gibraltar Masters 16th"]
[Site "Gibraltar"]
[Date "2018.01.24"]
[Round "2.72"]
[White "Plotkin, Victor"]
[Black "Michalik, Peter"]
[Result "1/2-1/2"]
[WhiteElo "2242"]
[BlackElo "2553"]
[PlyCount "63"]
[EventDate "2018.01.23"]
[EventType "swiss"]
[EventRounds "10"]
[EventCountry "GGB"]
[SourceTitle "BritBase"]
[Source "www.saund.co.uk"]
[SourceDate "2018.02.10"]
[SourceVersion "1"]
[SourceVersionDate "2018.02.10"]
[SourceQuality "1"]

1. e4 e5 2. Nf3 Nc6 3. Bc4 Bc5 4. O-O d6 5. d3 Nf6 6. Nc3 Na5 7. Bb3 c6 8. Be3
Bxe3 9. fxe3 b5 10. Qe1 O-O 11. h3 Nxb3 12. axb3 a5 13. Qh4 h6 14. Ne2 Re8 15.
g4 Ra7 16. Ng3 Nh7 17. Qxd8 Rxd8 18. Ra3 Be6 19. Rfa1 Rda8 20. Nf5 Bxf5 21.
exf5 Nf6 22. e4 Nd7 23. Kf2 Kf8 24. h4 Ke7 25. Ke3 d5 26. g5 Kd6 27. Rg1 h5 28.
g6 f6 29. Rga1 d4+ 30. Ke2 c5 31. Nd2 Nb8 32. Nf1 1/2-1/2

[Event "Tradewise Gibraltar Masters 16th"]
[Site "Gibraltar"]
[Date "2018.01.24"]
[Round "2.73"]
[White "Gagare, Shalmali"]
[Black "Santos Ruiz, Miguel"]
[Result "0-1"]
[WhiteElo "2001"]
[BlackElo "2510"]
[PlyCount "72"]
[EventDate "2018.01.23"]
[EventType "swiss"]
[EventRounds "10"]
[EventCountry "GGB"]
[SourceTitle "BritBase"]
[Source "www.saund.co.uk"]
[SourceDate "2018.02.10"]
[SourceVersion "1"]
[SourceVersionDate "2018.02.10"]
[SourceQuality "1"]

1. d4 d6 2. c4 e5 3. Nc3 exd4 4. Qxd4 Nc6 5. Qd1 Nf6 6. Nf3 g6 7. Bg5 h6 8. Bh4
g5 9. Bg3 Nh5 10. e3 Bg7 11. Be2 Be6 12. Nd4 Nxd4 13. exd4 Nxg3 14. hxg3 Qf6
15. Qa4+ Bd7 16. Qb3 O-O-O 17. O-O-O Rde8 18. Bf3 c6 19. Qa3 g4 20. Ne4 Qg6 21.
Nxd6+ Kb8 22. Qb4 b6 23. c5 gxf3 24. Nxe8 Rxe8 25. cxb6 fxg2 26. bxa7+ Kxa7 27.
Qa5+ Kb7 28. Qb4+ Kc8 29. Rhe1 Rxe1 30. Rxe1 Qd3 31. Qc3 Qxd4 32. Qa3 Qxf2 33.
Qa8+ Kc7 34. Qa5+ Qb6 35. Qd2 g1=Q 36. Qf4+ Kb7 0-1

[Event "Tradewise Gibraltar Masters 16th"]
[Site "Gibraltar"]
[Date "2018.01.24"]
[Round "2.74"]
[White "Cuenca Jimenez, Jose Fernando"]
[Black "Tejaswini, Sagar"]
[Result "1/2-1/2"]
[WhiteElo "2489"]
[BlackElo "2081"]
[PlyCount "116"]
[EventDate "2018.01.23"]
[EventType "swiss"]
[EventRounds "10"]
[EventCountry "GGB"]
[SourceTitle "BritBase"]
[Source "www.saund.co.uk"]
[SourceDate "2018.02.10"]
[SourceVersion "1"]
[SourceVersionDate "2018.02.10"]
[SourceQuality "1"]

1. d4 Nf6 2. c4 g6 3. Nc3 d5 4. cxd5 Nxd5 5. e4 Nxc3 6. bxc3 Bg7 7. Nf3 c5 8.
Be3 Qa5 9. Qd2 O-O 10. Rc1 cxd4 11. cxd4 Qxd2+ 12. Bxd2 Nc6 13. d5 Ne5 14. Nxe5
Bxe5 15. f4 Bd4 16. Bb4 Be3 17. Rc3 Bxf4 18. Bxe7 Re8 19. d6 Bd7 20. Bc4 b5 21.
Bxf7+ Kxf7 22. O-O g5 23. Bxg5 Rxe4 24. Bxf4 Ke6 25. Bg3 h5 26. Rf4 Rxf4 27.
Bxf4 Rf8 28. g3 h4 29. Ra3 hxg3 30. hxg3 Ra8 31. Ra6 Kd5 32. Kf2 Bg4 33. Ke3
Re8+ 34. Kd3 Ra8 35. Kc3 Bc8 36. Ra5 Bd7 37. Kd2 a6 38. Ra3 b4 39. Rd3+ Kc5 40.
Be3+ Kc6 41. Rd4 a5 42. Bf4 Kc5 43. Be3 Kc6 44. Bf4 Kc5 45. Re4 Re8 46. Rxe8
Bxe8 47. g4 Kc6 48. Kc1 Bf7 49. Kb2 a4 50. a3 b3 51. Kc3 Kd7 52. g5 Bg6 53. Be5
Kc6 54. Kb4 b2 55. Bxb2 Kxd6 56. Kxa4 Kc6 57. Kb4 Kb7 58. Kc5 Bb1 1/2-1/2

[Event "Tradewise Gibraltar Masters 16th"]
[Site "Gibraltar"]
[Date "2018.01.24"]
[Round "2.75"]
[White "Almagro Llamas, Pablo"]
[Black "Byron, Alan M"]
[Result "1-0"]
[WhiteElo "2479"]
[BlackElo "2099"]
[PlyCount "73"]
[EventDate "2018.01.23"]
[EventType "swiss"]
[EventRounds "10"]
[EventCountry "GGB"]
[SourceTitle "BritBase"]
[Source "www.saund.co.uk"]
[SourceDate "2018.02.10"]
[SourceVersion "1"]
[SourceVersionDate "2018.02.10"]
[SourceQuality "1"]

1. d4 Nf6 2. Nf3 g6 3. c4 Bg7 4. Nc3 O-O 5. e4 d6 6. h3 Na6 7. Be3 c5 8. d5 Nc7
9. Be2 a6 10. a4 Rb8 11. a5 b5 12. axb6 Rxb6 13. Qc2 Bd7 14. O-O Qb8 15. Rfb1
Re8 16. Bd3 e5 17. Na2 Rb7 18. Bd2 Nxe4 19. Bxe4 f5 20. Be3 fxe4 21. Nd2 Rf8
22. Nc3 Rf7 23. Ncxe4 Bf5 24. g4 Bxe4 25. Nxe4 Rb6 26. b4 cxb4 27. Bxb6 Qxb6
28. c5 dxc5 29. d6 Nb5 30. Qxc5 Qxc5 31. Nxc5 Nxd6 32. Rxa6 Bf8 33. Ra8 Re7 34.
Rxb4 Kf7 35. Rb6 Ne8 36. Ne4 Rd7 37. Ng5+ 1-0

[Event "Tradewise Gibraltar Masters 16th"]
[Site "Gibraltar"]
[Date "2018.01.24"]
[Round "2.76"]
[White "Cawdery, Daniel"]
[Black "Dev, Shah"]
[Result "1-0"]
[WhiteElo "2446"]
[BlackElo "1977"]
[PlyCount "83"]
[EventDate "2018.01.23"]
[EventType "swiss"]
[EventRounds "10"]
[EventCountry "GGB"]
[SourceTitle "BritBase"]
[Source "www.saund.co.uk"]
[SourceDate "2018.02.10"]
[SourceVersion "1"]
[SourceVersionDate "2018.02.10"]
[SourceQuality "1"]

1. e4 e5 2. Nf3 Nc6 3. Bb5 a6 4. Ba4 Nf6 5. O-O Nxe4 6. d4 b5 7. Bb3 d5 8. dxe5
Be6 9. Nbd2 Bc5 10. c3 O-O 11. Bc2 Bf5 12. Nb3 Bg6 13. Nfd4 Bxd4 14. Nxd4 Qd7
15. f4 f5 16. Nb3 Rfd8 17. Be3 Qe7 18. Qe2 Qe8 19. Qe1 Bh5 20. Nd4 Ne7 21. Ne6
Rdc8 22. b4 Nc6 23. Nd4 Ne7 24. a4 c6 25. Ra3 a5 26. axb5 axb4 27. Rxa8 Rxa8
28. cxb4 cxb5 29. Bd3 Rb8 30. Qh4 Bf7 31. Rc1 Ng6 32. Qe1 Be6 33. Qe2 Bd7 34.
Qa2 Ne7 35. e6 Bc8 36. Qa7 Rb7 37. Bxb5 Rxa7 38. Bxe8 Nd6 39. Nxf5 Nexf5 40.
Bxa7 Bxe6 41. Bc6 d4 42. b5 1-0

[Event "Tradewise Gibraltar Masters 16th"]
[Site "Gibraltar"]
[Date "2018.01.24"]
[Round "2.77"]
[White "Suez-Panama, Gilles"]
[Black "Akesson, Ralf"]
[Result "0-1"]
[WhiteElo "1959"]
[BlackElo "2443"]
[PlyCount "54"]
[EventDate "2018.01.23"]
[EventType "swiss"]
[EventRounds "10"]
[EventCountry "GGB"]
[SourceTitle "BritBase"]
[Source "www.saund.co.uk"]
[SourceDate "2018.02.10"]
[SourceVersion "1"]
[SourceVersionDate "2018.02.10"]
[SourceQuality "1"]

1. d4 Nf6 2. Nf3 e6 3. c4 d5 4. Nc3 Be7 5. g3 O-O 6. Bg2 dxc4 7. Qa4 a6 8. Qxc4
b5 9. Qd3 Bb7 10. O-O c5 11. Be3 Nbd7 12. Rfd1 c4 13. Qc2 b4 14. Na4 Qa5 15.
Ne5 Bxg2 16. Nxd7 Nxd7 17. Kxg2 Rac8 18. b3 Qb5 19. f3 cxb3 20. Qxb3 Qxe2+ 21.
Bf2 Rc2 22. Rf1 Nf6 23. Rac1 Rxa2 24. Nb6 Rb8 25. Rc6 Bf8 26. d5 Rxb6 27. Rxb6
Nxd5 0-1

[Event "Tradewise Gibraltar Masters 16th"]
[Site "Gibraltar"]
[Date "2018.01.24"]
[Round "2.78"]
[White "Henderson De La Fuente, Lance"]
[Black "Avila Fraire, Ameyalli"]
[Result "1-0"]
[WhiteElo "2429"]
[BlackElo "2014"]
[PlyCount "111"]
[EventDate "2018.01.23"]
[EventType "swiss"]
[EventRounds "10"]
[EventCountry "GGB"]
[SourceTitle "BritBase"]
[Source "www.saund.co.uk"]
[SourceDate "2018.02.10"]
[SourceVersion "1"]
[SourceVersionDate "2018.02.10"]
[SourceQuality "1"]

1. e4 c5 2. Nf3 d6 3. d4 cxd4 4. Qxd4 Nc6 5. Bb5 a6 6. Bxc6+ bxc6 7. Qa4 Qc7 8.
O-O e5 9. c4 Nf6 10. c5 Bd7 11. cxd6 Bxd6 12. Na3 O-O 13. Nc4 c5 14. Qc2 Bc6
15. Re1 h6 16. Bd2 Bb5 17. Ba5 Qe7 18. Rac1 Bxc4 19. Qxc4 Qb7 20. b3 Qb5 21.
Qc3 Rac8 22. Nd2 Rfe8 23. Nc4 Qc6 24. Rcd1 Bb8 25. f3 Nd7 26. Rd5 f5 27. Rd2
fxe4 28. fxe4 Nf6 29. Qe3 Re7 30. Bd8 Rd7 31. Bxf6 Rxd2 32. Qxd2 Qxf6 33. Rf1
Qe7 34. Nb6 Rd8 35. Nd5 Qd6 36. h3 Bc7 37. Qf2 Ba5 38. Qf7+ Kh8 39. Rf6 gxf6
40. Ne7 Qd4+ 41. Kh2 Qxe4 42. Qxf6+ Kh7 43. Qf7+ Kh8 44. Ng6+ Qxg6 45. Qxg6 Rf8
46. Qxh6+ Kg8 47. Qg5+ Kh7 48. Qxe5 Bb4 49. Qe7+ Kg8 50. Qe6+ Rf7 51. Qxa6 Kg7
52. Qc4 Rf5 53. a4 Ba5 54. g4 Bc7+ 55. Kg2 Re5 56. b4 1-0

[Event "Tradewise Gibraltar Masters 16th"]
[Site "Gibraltar"]
[Date "2018.01.24"]
[Round "2.79"]
[White "Raja, Harshit"]
[Black "Mayank, Pal"]
[Result "1-0"]
[WhiteElo "2427"]
[BlackElo "1834"]
[PlyCount "121"]
[EventDate "2018.01.23"]
[EventType "swiss"]
[EventRounds "10"]
[EventCountry "GGB"]
[SourceTitle "BritBase"]
[Source "www.saund.co.uk"]
[SourceDate "2018.02.10"]
[SourceVersion "1"]
[SourceVersionDate "2018.02.10"]
[SourceQuality "1"]

1. e4 c6 2. Nf3 d5 3. Nc3 Nf6 4. e5 Ne4 5. Ne2 Qb6 6. d4 e6 7. Ng3 c5 8. Bd3
Nxg3 9. fxg3 cxd4 10. O-O Nc6 11. Qe2 h6 12. a3 Be7 13. b4 Bd7 14. Bd2 a6 15.
g4 Qc7 16. Rab1 Rf8 17. Rfc1 Rc8 18. Rf1 Ra8 19. Rbe1 Kd8 20. g5 hxg5 21. Nxg5
Be8 22. Qh5 Qd7 23. Qh7 Bxg5 24. Bxg5+ f6 25. exf6 gxf6 26. Qh6 Rg8 27. Rxf6
Kc7 28. Rfxe6 Kb6 29. Qf6 Ka7 30. h4 Bh5 31. Rxc6 Qxc6 32. Qxd4+ Qb6 33. Be3
Qxd4 34. Bxd4+ Kb8 35. Re7 Bf3 36. Bg7 Bh5 37. Be5+ Ka7 38. Bd4+ Kb8 39. a4 Bf3
40. Bg7 Bh5 41. Be5+ Ka7 42. Bd4+ Kb8 43. a5 Bf3 44. Bg7 Bh5 45. Be5+ Ka7 46.
Bd4+ Kb8 47. Bf5 Bf3 48. Bg7 Be4 49. Bxe4 dxe4 50. h5 e3 51. h6 Rd8 52. Rxe3
Kc7 53. h7 Kc6 54. Rh3 Rh8 55. Bxh8 Rxh8 56. g4 Kd5 57. Rh6 Ke4 58. Kg2 Kf4 59.
Kh3 Kg5 60. Rh5+ Kg6 61. Kh4 1-0

[Event "Tradewise Gibraltar Masters 16th"]
[Site "Gibraltar"]
[Date "2018.01.24"]
[Round "2.80"]
[White "Ranaivoharisoa, Alain"]
[Black "Solomon, Kenny"]
[Result "0-1"]
[WhiteElo "2142"]
[BlackElo "2420"]
[PlyCount "152"]
[EventDate "2018.01.23"]
[EventType "swiss"]
[EventRounds "10"]
[EventCountry "GGB"]
[SourceTitle "BritBase"]
[Source "www.saund.co.uk"]
[SourceDate "2018.02.10"]
[SourceVersion "1"]
[SourceVersionDate "2018.02.10"]
[SourceQuality "1"]

1. e4 e5 2. Nf3 Nc6 3. Bb5 a6 4. Ba4 Nf6 5. d3 d6 6. O-O g6 7. c4 Bg7 8. d4
exd4 9. Nxd4 Bd7 10. Nxc6 Bxc6 11. Bxc6+ bxc6 12. Nc3 O-O 13. Bg5 h6 14. Bh4
Re8 15. Re1 Qb8 16. b3 Nd7 17. Rc1 Nc5 18. f3 Qb4 19. Ne2 a5 20. Nd4 a4 21. Bf2
axb3 22. axb3 Ra2 23. Rb1 Rd2 24. Nxc6 Qc3 25. Qc1 Rxf2 26. Qxc3 Bxc3 27. Kxf2
Nd3+ 28. Ke2 Nxe1 29. Rc1 Nxg2 30. Rxc3 Ra8 31. Rc2 Ra3 32. Rb2 Kf8 33. Nd4 Ra1
34. Kf2 Nf4 35. Rd2 Rb1 36. Kg3 Nh5+ 37. Kf2 Nf4 38. Kg3 Nh5+ 39. Kf2 Nf6 40.
Nb5 Ne8 41. c5 dxc5 42. Rc2 c6 43. Na7 Nc7 44. Rxc5 Ne6 45. Rc3 c5 46. Nc6 Rb2+
47. Ke3 g5 48. Ne5 Rxh2 49. Nd7+ Ke7 50. Nxc5 Nf4 51. b4 Rb2 52. Rb3 Rxb3+ 53.
Nxb3 h5 54. Nd2 h4 55. Nf1 Kd6 56. Kd4 Ne6+ 57. Ke3 Kc6 58. Nh2 Kb5 59. e5 Kxb4
60. Ke4 Kc4 61. Kf5 Kd3 62. Kf6 Ke3 63. Kxf7 Nc7 64. e6 Kf4 65. Kf6 h3 66. Ng4
Kxf3 67. Kxg5 Nxe6+ 68. Kh4 Nf4 69. Ne5+ Kg2 70. Ng4 Kf3 71. Ne5+ Kg2 72. Ng4
Nd5 73. Kg5 Kg3 74. Kf5 Nf6 75. Ne3 Kf2 76. Kf4 Nd5+ 0-1

[Event "Tradewise Gibraltar Masters 16th"]
[Site "Gibraltar"]
[Date "2018.01.24"]
[Round "2.81"]
[White "Martinez Martin, David"]
[Black "Cherigui, Mourad"]
[Result "1-0"]
[WhiteElo "2399"]
[BlackElo "1892"]
[PlyCount "66"]
[EventDate "2018.01.23"]
[EventType "swiss"]
[EventRounds "10"]
[EventCountry "GGB"]
[SourceTitle "BritBase"]
[Source "www.saund.co.uk"]
[SourceDate "2018.02.10"]
[SourceVersion "1"]
[SourceVersionDate "2018.02.10"]
[SourceQuality "1"]

1. e4 c5 2. Nf3 Nc6 3. d4 cxd4 4. Nxd4 e5 5. Nb5 a6 6. Nd6+ Bxd6 7. Qxd6 Qf6 8.
Qd2 Qg6 9. Nc3 Nf6 10. f3 d5 11. Bd3 Nb4 12. O-O Nxd3 13. Qxd3 d4 14. Ne2 Bd7
15. a4 O-O 16. c4 Bc6 17. Ng3 a5 18. b3 Rfe8 19. Nf5 Nd7 20. Ba3 b6 21. Ne7+
Rxe7 22. Bxe7 Nc5 23. Bxc5 bxc5 24. Rae1 Qh6 25. g3 g5 26. Rf2 Kh8 27. Kf1 Rb8
28. Ke2 f5 29. exf5 g4 30. Kf1 gxf3 31. Rxe5 Qh3+ 32. Kg1 Rg8 33. Rxc5 Rxg3+
1-0

[Event "Tradewise Gibraltar Masters 16th"]
[Site "Gibraltar"]
[Date "2018.01.24"]
[Round "2.82"]
[White "Cheparinov, Ivan"]
[Black "Bopp, Thomas"]
[Result "1-0"]
[WhiteElo "2699"]
[BlackElo "2154"]
[PlyCount "43"]
[EventDate "2018.01.23"]
[EventType "swiss"]
[EventRounds "10"]
[EventCountry "GGB"]
[SourceTitle "BritBase"]
[Source "www.saund.co.uk"]
[SourceDate "2018.02.10"]
[SourceVersion "1"]
[SourceVersionDate "2018.02.10"]
[SourceQuality "1"]

1. e4 c6 2. d4 d5 3. e5 Bf5 4. h4 h5 5. Bd3 Bxd3 6. Qxd3 e6 7. Bg5 Qa5+ 8. Nd2
c5 9. Ngf3 Nc6 10. O-O cxd4 11. Nb3 Qa6 12. Qxa6 bxa6 13. Rac1 Be7 14. c4 dxc3
15. Rxc3 Bxg5 16. hxg5 Nge7 17. Rfc1 Rc8 18. Nfd4 Kd7 19. Nc5+ Kc7 20. Nxc6
Nxc6 21. g6 Nxe5 22. Nd3+ 1-0

[Event "Tradewise Gibraltar Masters 16th"]
[Site "Gibraltar"]
[Date "2018.01.24"]
[Round "2.83"]
[White "Dubov, Daniil"]
[Black "Pein, Jonathan"]
[Result "1-0"]
[WhiteElo "2694"]
[BlackElo "2153"]
[PlyCount "45"]
[EventDate "2018.01.23"]
[EventType "swiss"]
[EventRounds "10"]
[EventCountry "GGB"]
[SourceTitle "BritBase"]
[Source "www.saund.co.uk"]
[SourceDate "2018.02.10"]
[SourceVersion "1"]
[SourceVersionDate "2018.02.10"]
[SourceQuality "1"]

1. Nf3 Nf6 2. g3 g6 3. b3 Bg7 4. Bb2 c5 5. c4 Nc6 6. Bg2 O-O 7. O-O b6 8. d4
cxd4 9. Nxd4 Bb7 10. Nc3 Rc8 11. Rc1 d6 12. Qd2 Qd7 13. Nf3 Rfd8 14. Nd5 Nxd5
15. cxd5 Ne5 16. Nd4 Rxc1 17. Rxc1 Rc8 18. Rd1 Qc7 19. Bh3 Rd8 20. Rc1 Qb8 21.
Nc6 Bxc6 22. dxc6 Qc7 23. f4 1-0

[Event "Tradewise Gibraltar Masters 16th"]
[Site "Gibraltar"]
[Date "2018.01.24"]
[Round "2.84"]
[White "Bosiocic, Marin"]
[Black "De Graaf, Dick"]
[Result "1-0"]
[WhiteElo "2628"]
[BlackElo "2152"]
[PlyCount "69"]
[EventDate "2018.01.23"]
[EventType "swiss"]
[EventRounds "10"]
[EventCountry "GGB"]
[SourceTitle "BritBase"]
[Source "www.saund.co.uk"]
[SourceDate "2018.02.10"]
[SourceVersion "1"]
[SourceVersionDate "2018.02.10"]
[SourceQuality "1"]

1. e4 g6 2. d4 Bg7 3. Nf3 d6 4. Bc4 c6 5. Bb3 Nf6 6. Qe2 e5 7. c3 Qc7 8. O-O
O-O 9. Nbd2 b6 10. Re1 Nbd7 11. Nf1 Bb7 12. Ng3 Rae8 13. Qc2 a6 14. a4 c5 15.
dxe5 dxe5 16. Bc4 Nb8 17. Qe2 Qc8 18. b4 Nc6 19. Ba3 Nd7 20. Rad1 cxb4 21. cxb4
Nd4 22. Nxd4 exd4 23. b5 Nc5 24. bxa6 Ba8 25. a5 Qc6 26. Bb5 Qe6 27. Bxe8 Rxe8
28. axb6 Qxb6 29. Rb1 Qa7 30. Qb5 Nd7 31. Rec1 Bh6 32. Rd1 Rb8 33. Qc4 Nf8 34.
Rxb8 Qxb8 35. Qxd4 1-0

[Event "Tradewise Gibraltar Masters 16th"]
[Site "Gibraltar"]
[Date "2018.01.24"]
[Round "2.85"]
[White "Spence, David J"]
[Black "Kosteniuk, Alexandra"]
[Result "0-1"]
[WhiteElo "2127"]
[BlackElo "2561"]
[PlyCount "64"]
[EventDate "2018.01.23"]
[EventType "swiss"]
[EventRounds "10"]
[EventCountry "GGB"]
[SourceTitle "BritBase"]
[Source "www.saund.co.uk"]
[SourceDate "2018.02.10"]
[SourceVersion "1"]
[SourceVersionDate "2018.02.10"]
[SourceQuality "1"]

1. d4 Nf6 2. c4 e6 3. g3 d5 4. Nf3 dxc4 5. Bg2 Nc6 6. O-O Rb8 7. a4 b6 8. Na3
Ba6 9. Nb5 Bb7 10. Bg5 Be7 11. Rc1 Na5 12. Bxf6 gxf6 13. Re1 Bb4 14. Rf1 O-O
15. e3 a6 16. Nc3 Nb3 17. Rc2 b5 18. axb5 axb5 19. Nh4 Bxg2 20. Qg4+ Kh8 21.
Nxg2 f5 22. Qh5 c6 23. Rd1 Ra8 24. Nf4 Ra7 25. Nce2 Qd6 26. Nh3 f6 27. Nhf4 Rg7
28. f3 e5 29. Ng2 f4 30. gxf4 exd4 31. exd4 c5 32. Ng3 Nxd4 0-1